We Didn't Start the Fire - Sudden Death - Statistics

General Stats
  • This quiz has been taken 4,872 times
    2,267 since last reset
  • The average score is 15 of 26
Answers on the Grid
Answers color-coded by a green-red scale on the quiz's grid according to % correct below.
Al Gore
Archie comics
Beatlemania
Belgians in the Congo
Berlin
Big Brother
Bilbo Baggins
Birth Control
Cola Wars
Communist Bloc
Disneyland
Dylan
Fire
Frank Sinatra
Harry Truman
Heroin
Hula hoops
James Dean
Jane Fonda
Joseph Stalin
Jumping ropes
Liberace
Marilyn Monroe
Michael Jackson
Ole Miss
Orson Wells
Pink Cadillacs
Punk rock
Red China
Steal this Book
Steve McQueen
Stranger in a Strange Land
Studebaker
Television
The Catcher in the Rye
The Jetsons
Trouble in the Suez
Twister
Underdog
Vaccine
Watergate
Wheel of Fortune
 
Answer Stats
Answer % Correct
Belgians in the Congo
74%
Marilyn Monroe
74%
Fire
70%
James Dean
68%
Joseph Stalin
68%
Berlin
67%
Watergate
67%
Communist Bloc
65%
Harry Truman
64%
Trouble in the Suez
64%
Red China
63%
Beatlemania
61%
Birth Control
59%
Punk rock
58%
Cola Wars
57%
The Catcher in the Rye
57%
Disneyland
54%
Stranger in a Strange Land
54%
Television
53%
Liberace
52%
Studebaker
45%
Dylan
44%
Hula hoops
44%
Vaccine
43%
Wheel of Fortune
33%
Ole Miss
31%
No matching quizzes found
Score Distribution
Percent of People with Each Score
Percentile by Number Answered
Your Score History
You have not taken this quiz since the last reset